00546nam a2200229Ia 450000500170000000800460001702000180006303700100008104000080009104000080009904000080010704100080011504100080012308400080013110000170013924500370015626000220019326000220021526000090023765000220024685600480026820260121124607.0008 260114s9999 xx 000 0 eng d a9781685857202 aEBOOK aCRL beng cCRL 2eng aeng qCRL aChadda, Maya 0aBuilding Democracy in South Asia bWalter de Gruyter bWalter de Gruyter c2000 aPolitical Science uhttp://www.degruyter.com/isbn/9781685857202